| 000 | 00444nam a2200193Ia 4500 | ||
|---|---|---|---|
| 001 | 11603 | ||
| 003 | GE_BSU | ||
| 008 | 181216s||||||||xx |||||||||||||| ||und|| | ||
| 020 | _a9780718149864 | ||
| 040 | _cGE_BSU | ||
| 080 | _a821.111-32 | ||
| 100 | _aKeyes,Marian. | ||
| 245 | 4 | _aThe Brightest Star in the sky. | |
| 260 | _aLondon | ||
| 260 | _bPencuin books. | ||
| 260 | _c2009. | ||
| 653 | _aThe Brightest Star in the sky. | ||
| 942 | _cBK | ||
| 999 |
_c44798 _d44798 |
||